00682 a2200193 4500020001500000020001800015082001100033090001300044100002000057245013900077260004900216300002100265700002000286700002300306700002600329942002400355999001700379952009200396 a052183113X a9780521831130 a530.12 c886d886 aBarrow, John D.10aScience and ultimate reality :bquantum theory, cosmology, and complexity /cJohn D. Barrow, Paul C. W. Davies, Charles L. Harper Jr. a[S.l.] :bCambridge University Press,c2004. a742 p. ;c25 cm.1 aBarrow, John D.1 aDavies, Paul C. W.1 aJr, Charles L. Harper aSNScBKk530.12 BAR c29509d29509 00104070aSNSbSNSd2016-05-26l0o530.12 BARpSNS0001055r2016-05-26w2016-05-26yBK